000 00400cam a2200169ua 4500
020 _c$1/50
041 _aeng
_h
082 _a370.15
_bJER/IN
100 _aJersild , T. Arthur .
245 _aIn search of self
260 _aColoumbia :
_bTeachers college , Coloumbia University ,
_c1960.
300 _a141 ; .
365 _a$1/50
504 _a
942 _cBK
999 _c11206
_d11206